| 000 | 00504nam a22001937a 4500 | ||
|---|---|---|---|
| 003 | LK-CoDNM | ||
| 005 | 20250116104541.0 | ||
| 008 | 250116b |||||||| |||| 00| 0 eng d | ||
| 040 |
_aLK-CoDNM _dLK-CoDNM _eLK-CoDNM |
||
| 041 | _aeng | ||
| 080 |
_a10 _bB7 |
||
| 100 | _aGeorge Lansing Raymond, L.H.D. | ||
| 245 | _aThe essentials of aesthetics | ||
| 260 |
_aLondon & New York _bG.P. Putnam's sons _c1906 |
||
| 300 | _bxx, 404p. : ill ; 24 cm | ||
| 650 | _aScience | ||
| 650 | _a1906 | ||
| 942 | _cBK | ||
| 999 |
_c236431 _d236431 |
||